Ako súvisí pravdivosť a výpovedná hodnota volebných preferencií s validitou dotazníkových akcií

Validita dotazníkových akcií nezávisí len od práce s respondentmi, ale aj od postupu spracovania získaných údajov. Často je evidentné ovplyvňovanie respondentov, ako aj cielene nesprávne vyhodnotenie údajov dotazníkovej akcie. Príspevok sa venuje problémom dotazníkových akcií vo všeobecnosti, vrátan...

Descrizione completa

Salvato in:
Dettagli Bibliografici
Autore principale: Turňa, Ľubomír
Natura: Capitolo di libro
Lingua:slovacco
Soggetti:
Tags: Aggiungi Tag
Nessun Tag, puoi essere il primo ad aggiungerne!!

MARC

LEADER 00000nla a2200000 4500
001 0209625
005 20240502073502.1
041 0 |a slo 
044 |a SK 
245 1 0 |a Ako súvisí pravdivosť a výpovedná hodnota volebných preferencií s validitou dotazníkových akcií  |c Ľubomír Turňa 
520 |a Validita dotazníkových akcií nezávisí len od práce s respondentmi, ale aj od postupu spracovania získaných údajov. Často je evidentné ovplyvňovanie respondentov, ako aj cielene nesprávne vyhodnotenie údajov dotazníkovej akcie. Príspevok sa venuje problémom dotazníkových akcií vo všeobecnosti, vrátane aj dotazníkov, vedených s cieľom získania volebných preferencií, hlavne problému, vyplývajúcemu z vágnosti pojmov pri takomto type respondentskej akcie. 
610 2 0 |a dotazníky 
610 2 0 |a preferencie 
610 2 0 |a voľby 
610 2 0 |a jazyk materinský 
100 1 |a Turňa, Ľubomír